000 00485nam a2200181Ia 4500
005 20250508150500.0
008 008 250505s9999 xx 000 0 eng d
037 _aTextual
040 _aFEDL
_beng
_cFEDL
041 _aeng
_2eng
084 _a707, PET
_qFEDL
100 _aPetrie Maria
_951612
245 0 _aArt and regeneration
260 _aLondon, UK
_bPaul Elek Publishers Ltd.
_c1946
300 _a142p.
942 _cTEXL
_h707, PET
999 _c1323845
_d1323845